Compendio di Diritto Pubblico

Detalles Bibliográficos
Autor principal: Moretti, A.
Formato: eBook
Lenguaje:italiano
Publicado: Piacenza : Casa Editrice La Tribuna, 2011
Materias:
Acceso en línea:Acceso restringido

MARC

LEADER 00000nam a22000007a 4500
005 20120905164335.0
007 cr|||| ||||
008 120905s2011 it |||||s|||| 00||0 ita d
020 |a  8861329020 
035 |a 6607 
040 |a vLex 
090 |c 3369  |d 3369 
100 1 |a Moretti, A. 
245 1 0 |a Compendio di Diritto Pubblico  |h [Recurso electrn̤ico] /  |c A. Moretti  
256 |a Servicio en ln̕ea 
260 |a Piacenza :  |b Casa Editrice La Tribuna,  |c 2011 
300 |a 1 recurso electrn̤ico 
506 1 |a Contenido solo disponible en los productos indicados  |d vLex Global   |d vLex Global (Academic Edition, excluding Law Schools)   |d vLex Global (U.S. Academic Edition, Law Schools)   |d vLex Global (U.S. Academic Edition, excluding Law Schools)   |d vLex Global (Academic Edition, Law Schools)  
650 0 4 |a Derecho pb︢lico  |z Italia 
740 0 |a vLex Libros (Servicio en ln̕ea) 
856 4 0 |u http://vlex.com/source/compendio-diritto-pubblico-6607  |z Acceso restringido 
942 |c BOOK 
999 0 |a Public law